[Event "C.to Provinciale MI"]
[Site "Milano ITA"]
[Date "2008.02.10"]
[Round "2"]
[White "Zermian, Federico"]
[Black "Myftaraj, Ylli"]
[Result "1/2-1/2"]
[WhiteElo "1545"]
[BlackElo "1554"]
[PlyCount "114"]
[EventDate "2008.02.09"]

1. e4 d5 2. exd5 Qxd5 3. d4 e5 4. Be3 Nc6 5. Nc3 Bb4 6. Nge2 Nge7 7. dxe5 Qxd1+
8. Rxd1 Nxe5 9. a3 Bxc3+ 10. Nxc3 c6 11. Bd4 f6 12. Bxe5 fxe5 13. Bc4 Bf5 14.
Bd3 O-O-O 15. Ne4 Kc7 16. Ng5 Rhf8 17. Bxf5 Rxd1+ 18. Kxd1 Rxf5 19. Ne4 Nd5 20.
Re1 Nf4 21. g4 Rf7 22. Ng5 Rd7+ 23. Kc1 h6 24. Nf3 Nh3 25. Nxe5 Re7 26. f4 Nxf4
27. Rf1 Ne2+ 28. Kd1 Rxe5 29. Re1 Re4 30. Rxe2 Rxg4 31. Re7+ Kb6 32. Kd2 g5 33.
Re3 Rg2+ 34. Re2 Rxe2+ 35. Kxe2 Kc5 36. Kf3 Kd4 37. Kg4 Ke3 38. Kh5 b5 39. Kxh6
g4 40. Kg5 Kf3 41. Kf5 a5 42. b4 a4 43. c3 Kg2 44. Kxg4 Kxh2 45. Kf3 Kg1 46.
Ke2 Kg2 47. Kd3 Kf3 48. c4 bxc4+ 49. Kxc4 Ke4 50. b5 cxb5+ 51. Kxb5 Kd5 52. Kb4
Kd4 53. Kb5 Kd5 54. Kxa4 Kc4 55. Ka5 Kc5 56. a4 Kc6 57. Kb4 Kb6 1/2-1/2

[Event "C.to Provinciale MI"]
[Site "Milano ITA"]
[Date "2008.02.10"]
[Round "3"]
[White "Altieri, Danilo Mario"]
[Black "Colica, Daniele"]
[Result "1-0"]
[WhiteElo "1989"]
[BlackElo "1823"]
[PlyCount "67"]
[EventDate "2008.02.09"]

1. Nf3 Nf6 2. g3 g6 3. Bg2 Bg7 4. O-O O-O 5. d3 d5 6. c3 c5 7. Nbd2 Nc6 8. Re1
e5 9. e4 d4 10. c4 Qe7 11. a3 Ne8 12. Nf1 f5 13. exf5 gxf5 14. Nxe5 Nxe5 15. f4
Qc7 16. fxe5 Bxe5 17. Bh6 Bg7 18. Bd5+ Kh8 19. Bf4 Qb6 20. Re7 Nf6 21. Bc7 Qxb2
22. Rb1 Qxa3 23. Bxb7 Bd7 24. Bxa8 Ba4 25. Qf3 Ng4 26. h3 Ne3 27. Nxe3 Qxd3 28.
Re1 dxe3 29. Be5 Bxe5 30. Rxe5 f4 31. gxf4 Qxc4 32. Be4 e2 33. Qxe2 Qb3 34. Qe3
1-0

[Event "C.to Provinciale MI"]
[Site "Milano ITA"]
[Date "2008.02.10"]
[Round "3"]
[White "Pelizzola, Danilo"]
[Black "Rossini, Luca"]
[Result "1/2-1/2"]
[WhiteElo "2093"]
[BlackElo "1560"]
[PlyCount "101"]
[EventDate "2008.02.09"]

1. e4 c5 2. Nf3 d6 3. d4 cxd4 4. Nxd4 Nf6 5. Nc3 g6 6. Be3 Bg7 7. f3 O-O 8. Bc4
Nc6 9. Qd2 Nxd4 10. Bxd4 Be6 11. Bd3 Qc7 12. O-O Bc4 13. Rfe1 Bxd3 14. Qxd3
Rfe8 15. Rad1 e5 16. Bf2 Rad8 17. Nb5 Qc6 18. Nxa7 Qa6 19. Qxa6 bxa6 20. Nc6
Rc8 21. Rxd6 Nh5 22. Nb4 Bf8 23. Rb6 Bxb4 24. Rxb4 Rxc2 25. Rd1 Nf4 26. a4 Rec8
27. Rb6 Rc1 28. Rbd6 R8c2 29. b4 Rxd1+ 30. Rxd1 Rb2 31. b5 axb5 32. axb5 Rxb5
33. Be3 Kg7 34. Rd2 Rb3 35. Bc5 Nd3 36. Rxd3 Rxd3 37. Kf2 f5 38. exf5 gxf5 39.
Bb6 Kf6 40. Be3 f4 41. Bb6 Rd2+ 42. Kf1 h5 43. Ba5 Ra2 44. Bc7 Ke6 45. g3 Rxh2
46. gxf4 exf4 47. Bxf4 Rc2 48. Kg1 Kf5 49. Bd6 Kg5 50. Be5 Kh4 51. Bd6 1/2-1/2

[Event "C.to Provinciale MI"]
[Site "Milano ITA"]
[Date "2008.02.10"]
[Round "3"]
[White "Vece, Luigi"]
[Black "Zermian, Federico"]
[Result "0-1"]
[WhiteElo "1646"]
[BlackElo "1545"]
[PlyCount "90"]
[EventDate "2008.02.09"]

1. c4 c5 2. Nf3 Nf6 3. d4 cxd4 4. Nxd4 e5 5. Nb3 d5 6. cxd5 Qxd5 7. Qxd5 Nxd5
8. e4 Bb4+ 9. Bd2 Bxd2+ 10. N1xd2 Nb6 11. Be2 Nc6 12. O-O O-O 13. Rac1 Be6 14.
a3 Rfd8 15. Nc4 Nxc4 16. Bxc4 Bxc4 17. Rxc4 Rac8 18. Rfc1 Ne7 19. Rxc8 Rxc8 20.
Rxc8+ Nxc8 21. Kf1 Nd6 22. f3 Nc4 23. Nc5 b6 24. Nd3 f6 25. a4 a5 26. Ke2 Kf7
27. b3 Nd6 28. Kd2 Ke7 29. Kc3 Kd7 30. b4 Kc7 31. bxa5 bxa5 32. Nc5 g5 33. Ne6+
Kc6 34. Nf8 h5 35. Nh7 Ne8 36. g3 g4 37. fxg4 hxg4 38. Nf8 Nd6 39. Ng6 Nxe4+
40. Kb3 Nc5+ 41. Ka3 e4 42. Nf4 e3 43. Ne2 Kd5 44. Nf4+ Ke4 45. Ne2 Kf3 0-1

[Event "C.to Provinciale MI"]
[Site "Milano ITA"]
[Date "2008.02.16"]
[Round "4"]
[White "Barberi, Alessandro"]
[Black "Altieri, Danilo Mario"]
[Result "1/2-1/2"]
[WhiteElo "2181"]
[BlackElo "1989"]
[PlyCount "79"]
[EventDate "2008.02.09"]

1. d4 d5 2. Nf3 c6 3. c4 e6 4. e3 Bd6 5. b3 Nd7 6. Bb2 f5 7. Bd3 Ngf6 8. O-O
O-O 9. Nbd2 Ne4 10. Ne5 Nxe5 11. dxe5 Bb4 12. Nf3 Bc3 13. Bxc3 Nxc3 14. Qc2 Ne4
15. Nd4 Bd7 16. b4 Rc8 17. c5 Qc7 18. f4 g5 19. Bxe4 fxe4 20. Qe2 gxf4 21. exf4
Kh8 22. Rac1 Rg8 23. Rc3 Qd8 24. Rh3 Qe8 25. Qb2 Qe7 26. f5 Rg5 27. Rf4 Rcg8
28. g3 Rg4 29. Ne2 Qg5 30. Rxg4 Qxg4 31. fxe6 Qxh3 32. exd7 Qxd7 33. Nf4 Qg7
34. Nh5 Qg5 35. e6+ Rg7 36. Nxg7 Qxg7 37. e7 Qxb2 38. e8=Q+ Kg7 39. Qe7+ Kg8
40. Qe8+ 1/2-1/2

[Event "C.to Provinciale MI"]
[Site "Milano ITA"]
[Date "2008.02.17"]
[Round "5"]
[White "Altieri, Danilo Mario"]
[Black "Calvi, Gianluca"]
[Result "1-0"]
[WhiteElo "1989"]
[BlackElo "1914"]
[PlyCount "77"]
[EventDate "2008.02.09"]

1. Nf3 Nf6 2. g3 b6 3. Bg2 Bb7 4. d3 d6 5. e4 Nbd7 6. O-O g6 7. Nbd2 Bg7 8. c3
O-O 9. Re1 Nc5 10. Nb3 Nfd7 11. h3 a5 12. Nh2 f5 13. exf5 Bxg2 14. Kxg2 Rxf5
15. d4 a4 16. dxc5 axb3 17. Qxb3+ Kh8 18. cxb6 Nxb6 19. Qe6 Bf6 20. Ng4 Qd7 21.
Nxf6 Qxe6 22. Rxe6 exf6 23. g4 Rfa5 24. Bh6 f5 25. Rae1 Kg8 26. f4 fxg4 27.
hxg4 Rxa2 28. Re7 Nd5 29. Rg7+ Kh8 30. c4 Rxb2+ 31. Kg3 Rb3+ 32. Kh4 Nxf4 33.
Ree7 Rh3+ 34. Kg5 Ra5+ 35. Kf6 Nh5+ 36. gxh5 Rf3+ 37. Ke6 Re5+ 38. Kd7 Rxe7+
39. Rxe7 1-0

[Event "X C.to Europeo a squadre seniores"]
[Site "Dresda GER"]
[Date "2008.02.11"]
[Round "1.1"]
[White "Rosino, Antonio"]
[Black "Wibe, Per H."]
[Result "1/2-1/2"]
[WhiteElo "2267"]
[BlackElo "1791"]
[Annotator "ITA-NOR5"]
[PlyCount "74"]
[EventDate "2008.02.11"]

1. e4 c5 2. c3 d5 3. exd5 Qxd5 4. d4 Nc6 5. Nf3 Bg4 6. Be2 e6 7. Na3 Nf6 8. O-O
Be7 9. Nb5 Qd8 10. dxc5 Bxc5 11. Bg5 O-O 12. Qxd8 Rfxd8 13. Bxf6 gxf6 14. b4
Be7 15. Rfd1 a6 16. Nbd4 Nxd4 17. Nxd4 Bxe2 18. Nxe2 Rac8 19. Kf1 f5 20. Ke1
Bf6 21. Rxd8+ Rxd8 22. Rc1 Kf8 23. c4 Rc8 24. Rc2 Be7 25. a3 a5 26. c5 axb4 27.
axb4 b6 28. Nd4 bxc5 29. bxc5 Rxc5 30. Ke2 Rxc2+ 31. Nxc2 Kg7 32. f4 Bd6 33. g3
e5 34. fxe5 Bxe5 35. Kf3 h5 36. Ne3 Kg6 37. Ng2 Bd6 1/2-1/2

[Event "X C.to Europeo a squadre seniores"]
[Site "Dresda GER"]
[Date "2008.02.11"]
[Round "1.2"]
[White "Gabrielsen, Oyvind"]
[Black "Barlocco, Carlo"]
[Result "0-1"]
[WhiteElo "1754"]
[BlackElo "2124"]
[Annotator "ITA-NOR5"]
[PlyCount "82"]
[EventDate "2008.02.11"]

1. e4 Nf6 2. e5 Nd5 3. Nf3 d6 4. Bc4 Nb6 5. Bb3 c5 6. Qe2 Nc6 7. c3 d5 8. d4
cxd4 9. Nxd4 Qc7 10. Bf4 e6 11. Nd2 Be7 12. O-O Bd7 13. Rac1 Rc8 14. Bg3 Nxd4
15. cxd4 Qxc1 16. Rxc1 Rxc1+ 17. Nf1 a6 18. Qd2 Ra1 19. a3 Bb5 20. Bd1 Nc4 21.
Qc2 Nxb2 22. Ne3 Nxd1 23. Nxd1 O-O 24. h3 Bd7 25. Kh2 Rc8 26. Qb2 Rxd1 27. Qxb7
Rd8 28. Qxa6 Rxd4 29. f3 Ra4 30. Qb6 Rxa3 31. Bf2 Raa8 32. Qc7 Rac8 33. Qb7 Bc5
34. Bh4 Bc6 35. Qa6 Re8 36. f4 Be3 37. Qe2 d4 38. Qg4 Be4 39. Bf6 Bg6 40. h4 h5
41. Qg5 d3 0-1

[Event "X C.to Europeo a squadre seniores"]
[Site "Dresda GER"]
[Date "2008.02.13"]
[Round "3.1"]
[White "Rosino, Antonio"]
[Black "Perman, Torvald"]
[Result "1-0"]
[WhiteElo "2267"]
[BlackElo "2092"]
[Annotator "ITA-FIN2"]
[PlyCount "91"]
[EventDate "2008.02.11"]

1. e4 c5 2. Nf3 e6 3. c3 d5 4. exd5 Qxd5 5. d4 Nf6 6. Bd3 Nc6 7. Na3 Qd8 8. Nc2
cxd4 9. Ncxd4 Nxd4 10. Nxd4 Be7 11. Qf3 O-O 12. O-O e5 13. Nf5 Bxf5 14. Bxf5
Qc7 15. Bg5 h6 16. Bh4 Rfe8 17. Rfe1 Nd7 18. Rad1 Nf8 19. Bg3 Bf6 20. Be4 Rad8
21. Bd5 b6 22. Rd2 Ne6 23. c4 Nf4 24. Bxf4 exf4 25. Red1 Qe5 26. h3 Kf8 27. a3
g6 28. b4 Kg7 29. Rd3 Rc8 30. Rc1 Qe2 31. c5 bxc5 32. bxc5 Qxf3 33. Bxf3 Rc7
34. Bg4 Rb8 35. c6 Kf8 36. Bd7 Be5 37. Kf1 Rb2 38. Rc5 f6 39. Rcd5 h5 40. h4
Rc2 41. Rd2 Rxd2 42. Rxd2 Ke7 43. Ke2 a6 44. Kd3 Ra7 45. Kc4 Ra8 46. Rd5 1-0

[Event "X C.to Europeo a squadre seniores"]
[Site "Dresda GER"]
[Date "2008.02.13"]
[Round "3.3"]
[White "Laco, Giuseppe"]
[Black "Lehtosaari, Kalevi"]
[Result "1/2-1/2"]
[WhiteElo "2154"]
[BlackElo "2042"]
[Annotator "ITA-FIN2"]
[PlyCount "134"]
[EventDate "2008.02.11"]

1. c4 c5 2. Nc3 Nc6 3. f4 Nf6 4. e4 d6 5. d3 g6 6. h3 Nh5 7. Nf3 Ng3 8. Rg1 Bg7
9. Be3 f5 10. Qd2 O-O 11. O-O-O a5 12. e5 b6 13. exd6 exd6 14. Bf2 Nxf1 15.
Rdxf1 a4 16. Bh4 Qd7 17. g4 a3 18. Re1 axb2+ 19. Kb1 Qa7 20. a4 Qa5 21. Kxb2
Qb4+ 22. Kc2 Nd4+ 23. Nxd4 cxd4 24. Nb1 Qxa4+ 25. Kc1 d5 26. Be7 dxc4 27. Bxf8
Bxf8 28. dxc4 fxg4 29. hxg4 Ba6 30. Qxd4 Bxc4 31. Rg3 Rc8 32. Rc3 Bg7 33. Re5
Bxe5 34. fxe5 b5 35. e6 Qa8 36. e7 Re8 37. Re3 Qc6 38. Nc3 Be6 39. Qf6 Qh1+ 40.
Kb2 Bxg4 41. Qe5 b4 42. Ne4 Bf5 43. Qd5+ Kg7 44. Qd4+ Kg8 45. Qd8 Qh2+ 46. Nd2
Kf7 47. Qd5+ Kg7 48. Qd4+ Kf7 49. Qc4+ Kg7 50. Qxb4 Qb8 51. Qxb8 Rxb8+ 52. Kc3
Re8 53. Nc4 Kf6 54. Nd6 Rxe7 55. Ne8+ Kf7 56. Nd6+ Kf8 57. Rf3 Re5 58. Kd4 Ra5
59. Nxf5 gxf5 60. Rb3 Kg7 61. Rb6 h5 62. Ke3 Ra4 63. Kf3 Rg4 64. Kf2 h4 65. Kf3
h3 66. Rb2 Kf6 67. Rh2 Kg5 1/2-1/2

[Event "X C.to Europeo a squadre seniores"]
[Site "Dresda GER"]
[Date "2008.02.14"]
[Round "4.1"]
[White "Rosen, Willy"]
[Black "Rosino, Antonio"]
[Result "1-0"]
[WhiteElo "2335"]
[BlackElo "2267"]
[Annotator "ITA-GER2"]
[PlyCount "101"]
[EventDate "2008.02.11"]

1. e4 e5 2. Nf3 Nc6 3. Bb5 Nf6 4. d3 d6 5. O-O Bd7 6. c3 g6 7. Re1 Bg7 8. Nbd2
O-O 9. d4 Nxd4 10. cxd4 Bxb5 11. Qb3 Qe8 12. a4 Ba6 13. dxe5 dxe5 14. Qc3 c6
15. b3 Qe6 16. Bb2 Rad8 17. Qa5 Nh5 18. Nf1 Qxb3 19. Bxe5 Qb6 20. Qc3 Rd3 21.
Qc2 Rfd8 22. Bxg7 Kxg7 23. Ne5 R3d6 24. Qa2 Re6 25. Rab1 Qc7 26. Nf3 Nf4 27.
Ng3 c5 28. e5 Bd3 29. Rbc1 Re7 30. Qa3 c4 31. Qc3 Kg8 32. h4 Qc6 33. a5 Nh3+
34. gxh3 Qxf3 35. Re3 Qf4 36. h5 Qd4 37. hxg6 hxg6 38. Qd2 Rde8 39. Re4 c3 40.
Rxc3 Qxe4 41. Nxe4 Bxe4 42. f4 Bf5 43. Qe3 a6 44. Qb6 Rd7 45. Kf2 Red8 46. h4
Rd2+ 47. Ke3 R8d7 48. h5 gxh5 49. Qf6 R2d3+ 50. Rxd3 Bxd3 51. e6 1-0

[Event "X C.to Europeo a squadre seniores"]
[Site "Dresda GER"]
[Date "2008.02.14"]
[Round "4.2"]
[White "Barlocco, Carlo"]
[Black "Neese, Hans-Joachim"]
[Result "1-0"]
[WhiteElo "2124"]
[BlackElo "2306"]
[Annotator "ITA-GER2"]
[PlyCount "97"]
[EventDate "2008.02.11"]

1. d4 Nf6 2. Nf3 e6 3. Bg5 d5 4. Nc3 Nbd7 5. e4 h6 6. Bxf6 Nxf6 7. Bd3 Bb4 8.
exd5 Nxd5 9. Qd2 c6 10. Ne5 Qg5 11. g3 Qxd2+ 12. Kxd2 Nxc3 13. bxc3 Bd6 14. f4
Bd7 15. Rab1 b6 16. a4 Ke7 17. Rhe1 g6 18. a5 Rab8 19. axb6 axb6 20. Ra1 Rb7
21. Ra6 Rc8 22. Be4 Bxe5 23. fxe5 Kd8 24. Rb1 Kc7 25. c4 Rd8 26. Ke3 Be8 27.
Ra2 Rdb8 28. d5 b5 29. d6+ Kc8 30. c5 Kd8 31. Ra6 Rc8 32. Kd4 Bd7 33. Rba1 b4
34. Rb1 Rbb8 35. Kc4 Ra8 36. Rba1 Rxa6 37. Rxa6 Ke8 38. Kxb4 Rb8+ 39. Rb6 Rc8
40. Ka5 Ra8+ 41. Ra6 Rc8 42. Kb6 f5 43. exf6 Rb8+ 44. Ka7 Rc8 45. Bxg6+ Kf8 46.
Kb7 e5 47. Ra8 Rxa8 48. Kxa8 Be8 49. Kb7 1-0

[Event "X C.to Europeo a squadre seniores"]
[Site "Dresda GER"]
[Date "2008.02.14"]
[Round "4.3"]
[White "Schippan, Bernhard"]
[Black "Laco, Giuseppe"]
[Result "1-0"]
[WhiteElo "2300"]
[BlackElo "2154"]
[Annotator "ITA-GER2"]
[PlyCount "71"]
[EventDate "2008.02.11"]

1. e4 c5 2. Nf3 e6 3. c3 a6 4. d4 d5 5. e5 Nc6 6. Bd3 c4 7. Bc2 h6 8. O-O b5 9.
Ne1 Nge7 10. f4 g6 11. Be3 Nf5 12. Bf2 Be7 13. g4 Ng7 14. Nd2 h5 15. h3 hxg4
16. hxg4 Bh4 17. Nef3 Bxf2+ 18. Kxf2 Bb7 19. Rh1 Ke7 20. Qe2 Qb6 21. Qe3 Nf5
22. gxf5 exf5 23. Ng5 Rag8 24. a3 Bc8 25. Rh3 Be6 26. Rah1 Rxh3 27. Qxh3 Kd7
28. Ndf3 Ne7 29. Qh7 Ke8 30. Nxe6 fxe6 31. Ng5 a5 32. Qf7+ Kd7 33. Rh7 Re8 34.
Qxg6 Rf8 35. Qg7 Qd8 36. Nxe6 1-0

[Event "X C.to Europeo a squadre seniores"]
[Site "Dresda GER"]
[Date "2008.02.14"]
[Round "4.4"]
[White "Guaglianone, Mario"]
[Black "Nautsch, Werner"]
[Result "1/2-1/2"]
[WhiteElo "2033"]
[BlackElo "2290"]
[Annotator "ITA-GER2"]
[PlyCount "110"]
[EventDate "2008.02.11"]

1. d4 g6 2. Nf3 Bg7 3. c3 d6 4. h3 Nc6 5. Bf4 e5 6. dxe5 dxe5 7. Qxd8+ Kxd8 8.
Bh2 f6 9. Na3 Be6 10. e4 Nh6 11. O-O-O+ Ke7 12. Bc4 Nf7 13. Nd2 a6 14. f3 b5
15. Bxe6 Kxe6 16. Nb3 Bf8 17. Nc2 Nd6 18. Nc5+ Kf7 19. Bg1 Bh6+ 20. Be3 Bxe3+
21. Nxe3 Ne7 22. Rd2 a5 23. Rhd1 Rhb8 24. b3 Rb6 25. Nd5 Rc6 26. Nxe7 Kxe7 27.
Rd5 g5 28. Kd2 h5 29. a4 Rb8 30. Kc2 bxa4 31. Nxa4 g4 32. hxg4 hxg4 33. Rh1
gxf3 34. gxf3 Rg8 35. Rh7+ Nf7 36. Rxa5 Rg3 37. Rc5 Rxc5 38. Nxc5 Rxf3 39. b4
f5 40. exf5 Rxf5 41. Kd3 Kd6 42. Rg7 Kc6 43. Ne6 Kb6 44. c4 Rf1 45. Rg6 c6 46.
Nc5 Rd1+ 47. Kc3 Rc1+ 48. Kb3 Rb1+ 49. Ka3 Ra1+ 50. Kb2 Rf1 51. Na4+ Kc7 52.
Rg7 Kd6 53. Rg6+ Kc7 54. b5 cxb5 55. cxb5 Nd6 1/2-1/2

[Event "X C.to Europeo a squadre seniores"]
[Site "Dresda GER"]
[Date "2008.02.15"]
[Round "5.1"]
[White "Rosino, Antonio"]
[Black "Kirmas, Joachim"]
[Result "1/2-1/2"]
[WhiteElo "2267"]
[BlackElo "2131"]
[Annotator "ITA-GER23"]
[PlyCount "43"]
[EventDate "2008.02.11"]

1. e4 e5 2. Nf3 d6 3. d4 Nf6 4. Nc3 Nbd7 5. Bc4 Be7 6. O-O O-O 7. h3 c6 8. a4
Nxe4 9. Nxe4 d5 10. Bb3 dxe4 11. Nxe5 Nxe5 12. dxe5 Bf5 13. Qe2 Qd4 14. e6 Bxe6
15. Bxe6 fxe6 16. Re1 Bb4 17. Be3 Qe5 18. Rad1 c5 19. Rd7 Rf7 20. Rxf7 Kxf7 21.
Qb5 b6 22. a5 1/2-1/2

[Event "X C.to Europeo a squadre seniores"]
[Site "Dresda GER"]
[Date "2008.02.15"]
[Round "5.4"]
[White "Reinemann, Guenter"]
[Black "Guaglianone, Mario"]
[Result "1/2-1/2"]
[WhiteElo "2002"]
[BlackElo "2033"]
[Annotator "ITA-GER23"]
[PlyCount "27"]
[EventDate "2008.02.11"]

1. e4 g6 2. d4 Bg7 3. f4 d6 4. Nf3 Nd7 5. c3 e6 6. Na3 Ne7 7. Bd3 h6 8. Be3 a6
9. Nc2 b6 10. b4 Bb7 11. a4 f5 12. e5 Bxf3 13. gxf3 d5 14. Qe2 1/2-1/2

[Event "X C.to Europeo a squadre seniores"]
[Site "Dresda GER"]
[Date "2008.02.16"]
[Round "6.1"]
[White "Malmdin, Nils Ake"]
[Black "Rosino, Antonio"]
[Result "0-1"]
[WhiteElo "2268"]
[BlackElo "2267"]
[Annotator "ITA-SWE1"]
[PlyCount "84"]
[EventDate "2008.02.11"]

1. e4 e5 2. Nf3 Nc6 3. d4 exd4 4. Bb5 a6 5. Ba4 Bb4+ 6. c3 dxc3 7. Nxc3 d6 8.
O-O Bxc3 9. bxc3 Bd7 10. Re1 Ne5 11. Nxe5 dxe5 12. Ba3 Bxa4 13. Qxa4+ Qd7 14.
Qb3 Qb5 15. Qd1 Nf6 16. c4 Qd7 17. Bb2 Qxd1 18. Raxd1 Nd7 19. f4 O-O-O 20. fxe5
Nc5 21. Bd4 Ne6 22. Be3 Rxd1 23. Rxd1 Rd8 24. Rd5 Re8 25. Kf2 Nf8 26. Kf3 c6
27. Ra5 Rd8 28. Ke2 Ne6 29. Bb6 Rd7 30. Ra3 Nf4+ 31. Ke3 Nxg2+ 32. Kf3 Nh4+ 33.
Kg4 Ng6 34. Kf5 Rd1 35. e6 Rf1+ 36. Kg5 h6+ 37. Kg4 fxe6 38. c5 Ne5+ 39. Kg3
Rd1 40. Ra4 g5 41. h3 Rd3+ 42. Kg2 Nd7 0-1

[Event "X C.to Europeo a squadre seniores"]
[Site "Dresda GER"]
[Date "2008.02.16"]
[Round "6.2"]
[White "Barlocco, Carlo"]
[Black "Svensson, Leif"]
[Result "1/2-1/2"]
[WhiteElo "2124"]
[BlackElo "2179"]
[Annotator "ITA-SWE1"]
[PlyCount "42"]
[EventDate "2008.02.11"]

1. d4 d5 2. Nf3 Bf5 3. Bf4 e6 4. e3 Bd6 5. Bg3 Nf6 6. Bd3 Ne4 7. O-O Bg4 8. c4
Nxg3 9. hxg3 c6 10. Nc3 Nd7 11. cxd5 exd5 12. Qc2 Nf6 13. Rab1 O-O 14. b4 Qe7
15. b5 cxb5 16. Qb3 Bxf3 17. gxf3 Bxg3 18. Nxd5 Nxd5 19. Qxd5 Qh4 20. fxg3
Qxg3+ 21. Kh1 Qh3+ 1/2-1/2

[Event "X C.to Europeo a squadre seniores"]
[Site "Dresda GER"]
[Date "2008.02.16"]
[Round "6.3"]
[White "Akvist, Hakan"]
[Black "Laco, Giuseppe"]
[Result "0-1"]
[WhiteElo "2178"]
[BlackElo "2154"]
[Annotator "ITA-SWE1"]
[PlyCount "92"]
[EventDate "2008.02.11"]

1. e4 c5 2. Nf3 e6 3. Nc3 a6 4. g3 b5 5. Bg2 Bb7 6. d3 Ne7 7. O-O d6 8. Nh4 Ng6
9. Nxg6 hxg6 10. Be3 Nd7 11. Qd2 Ne5 12. f3 Be7 13. Rae1 g5 14. h3 f6 15. Qe2
Qd7 16. Bf2 Nc6 17. Qd1 b4 18. Ne2 e5 19. c3 a5 20. d4 cxd4 21. cxd4 Ba6 22.
Qa4 Bc4 23. b3 Bd3 24. d5 Nb8 25. Qxd7+ Nxd7 26. Be3 Rc8 27. Rf2 g6 28. Bf1 f5
29. exf5 gxf5 30. Rd1 Bb5 31. Kg2 f4 32. Bc1 Bd8 33. Ng1 Rc5 34. Bxb5 Rxb5 35.
Re2 Kf7 36. Rc2 Nb6 37. Rc6 Be7 38. h4 Rg8 39. hxg5 Rxg5 40. g4 Nxd5 41. Nh3
Rg6 42. Rd3 Ke6 43. Nf2 Kd7 44. Ra6 Nc7 45. Ra7 Kc8 46. Rd2 Kb8 0-1

[Event "X C.to Europeo a squadre seniores"]
[Site "Dresda GER"]
[Date "2008.02.16"]
[Round "6.4"]
[White "Guaglianone, Mario"]
[Black "Andersson, Kaj"]
[Result "1/2-1/2"]
[WhiteElo "2033"]
[BlackElo "2155"]
[Annotator "ITA-SWE1"]
[PlyCount "83"]
[EventDate "2008.02.11"]

1. d4 d5 2. Nf3 Nf6 3. Bf4 c6 4. c3 Nbd7 5. Nbd2 g6 6. h3 Bg7 7. e3 O-O 8. Bd3
a5 9. O-O a4 10. a3 Nh5 11. Bh2 f5 12. Ne5 Nhf6 13. f3 Bh6 14. Qe2 Nxe5 15.
Bxe5 Nd7 16. f4 Nxe5 17. fxe5 e6 18. Nf3 b5 19. g3 Ra7 20. Rf2 Rg7 21. Rg2 Kh8
22. Rf1 Bd7 23. Kf2 Be8 24. Ke1 g5 25. Ng1 Bg6 26. g4 Rgf7 27. Rgf2 Bg7 28. Qc2
Qd7 29. Nf3 h6 30. Nh2 c5 31. Qe2 c4 32. Bc2 Kh7 33. Nf3 Qe7 34. Nh2 Kh8 35.
Bb1 Bh7 36. Qc2 Qd7 37. Nf3 Kg8 38. h4 Qe7 39. hxg5 hxg5 40. Nh2 Bh6 41. Qe2
Kg7 42. Qf3 1/2-1/2

[Event "X C.to Europeo a squadre seniores"]
[Site "Dresda GER"]
[Date "2008.02.17"]
[Round "7.2"]
[White "Postler, Reinhard"]
[Black "Barlocco, Carlo"]
[Result "1-0"]
[WhiteElo "2304"]
[BlackElo "2124"]
[Annotator "ITA-GER3"]
[PlyCount "39"]
[EventDate "2008.02.11"]

1. e4 b6 2. d4 Bb7 3. Nc3 e6 4. a3 Nf6 5. Bd3 c5 6. Nf3 d5 7. exd5 Nxd5 8. Nxd5
Qxd5 9. c4 Qd6 10. dxc5 bxc5 11. O-O Be7 12. Ng5 Bxg5 13. Bxg5 Nc6 14. Re1 h6
15. Be3 Rd8 16. Be4 Qe7 17. Qa4 Qc7 18. Bxc5 Rd7 19. Rad1 Ne5 20. Bxb7 1-0

[Event "X C.to Europeo a squadre seniores"]
[Site "Dresda GER"]
[Date "2008.02.17"]
[Round "7.3"]
[White "Laco, Giuseppe"]
[Black "Brameyer, Hermann"]
[Result "0-1"]
[WhiteElo "2154"]
[BlackElo "2246"]
[Annotator "ITA-GER3"]
[PlyCount "62"]
[EventDate "2008.02.11"]

1. c4 e6 2. g3 d5 3. Bg2 Nf6 4. Nf3 Be7 5. b3 O-O 6. Bb2 b6 7. Ne5 Bb7 8. O-O
Nfd7 9. d4 f6 10. Nd3 Bd6 11. b4 c6 12. Nd2 f5 13. c5 Bc7 14. a4 Nf6 15. f3
Nbd7 16. Qb3 bxc5 17. Nxc5 Nxc5 18. dxc5 Ba6 19. Rfe1 Rb8 20. Qc3 e5 21. e3 h5
22. f4 Ne4 23. Nxe4 fxe4 24. Bh3 Re8 25. Rad1 Bd3 26. Bf1 a5 27. Ba3 axb4 28.
Bxb4 exf4 29. gxf4 Qh4 30. Ba5 Bxa5 31. Qxa5 Rb2 0-1

[Event "X C.to Europeo a squadre seniores"]
[Site "Dresda GER"]
[Date "2008.02.17"]
[Round "7.4"]
[White "Lieb, Harald"]
[Black "Guaglianone, Mario"]
[Result "1-0"]
[WhiteElo "2255"]
[BlackElo "2033"]
[Annotator "ITA-GER3"]
[PlyCount "95"]
[EventDate "2008.02.11"]

1. d4 g6 2. g3 Bg7 3. Bg2 d5 4. Nf3 Nf6 5. O-O O-O 6. Nbd2 Nbd7 7. c4 c6 8. b3
e5 9. dxe5 Ng4 10. Ba3 Re8 11. cxd5 cxd5 12. Rc1 Ndxe5 13. h3 Nh6 14. Nxe5 Bxe5
15. Nf3 Bg7 16. Qd2 Be6 17. Nd4 Qd7 18. Nxe6 fxe6 19. Rfd1 Nf5 20. e4 Bh6 21.
Qd3 Bxc1 22. Bxc1 Nd6 23. Bb2 Nf7 24. Qc3 e5 25. exd5 Rac8 26. Qd2 Qd6 27. Be4
Re7 28. h4 Rd7 29. Bc3 Qe7 30. Bb4 Nd6 31. Bg2 Qf6 32. Bc3 Nf7 33. f4 Qd6 34.
Re1 Re7 35. Bb4 Qb6+ 36. Kh1 Nd6 37. Bh3 a5 38. Bxa5 Qd4 39. Qxd4 exd4 40. Be6+
Kf8 41. Bb4 Rd8 42. Rd1 Kg7 43. Bc5 Rxe6 44. dxe6 Kf6 45. Rxd4 Kxe6 46. Rxd6+
Rxd6 47. Bxd6 Kxd6 48. Kg2 1-0

[Event "X C.to Europeo a squadre seniores"]
[Site "Dresda GER"]
[Date "2008.02.18"]
[Round "8.2"]
[White "Barlocco, Carlo"]
[Black "Rapoport, Vladimir"]
[Result "1-0"]
[WhiteElo "2124"]
[BlackElo "2271"]
[Annotator "ITA-GER6"]
[PlyCount "111"]
[EventDate "2008.02.11"]

1. d4 c5 2. dxc5 e6 3. Nd2 Nf6 4. Nb3 Na6 5. Qd4 Qc7 6. Bf4 Qc6 7. Bd6 Bxd6 8.
Qxd6 Ne4 9. Qxc6 bxc6 10. Nf3 Rb8 11. e3 Naxc5 12. Bd3 f5 13. Bxe4 Nxe4 14.
Nfd2 Nxd2 15. Kxd2 d6 16. c4 c5 17. Kc3 Bb7 18. Rhd1 Ke7 19. Rd2 g5 20. f3 h5
21. Re1 Rbc8 22. Red1 Rhd8 23. Nc1 g4 24. f4 h4 25. Nd3 a5 26. b3 Be4 27. Re1
Rg8 28. Red1 Rc6 29. Rg1 Rb6 30. Nf2 Bc6 31. Nd3 Rc8 32. Rb1 Be4 33. Re1 Ra8
34. Nf2 Bxg2 35. Nxg4 Bf3 36. Nf2 Rg8 37. e4 Rf8 38. Rd3 fxe4 39. Nxe4 Rxf4 40.
Nxc5 Bg4 41. Re4 Rxe4 42. Nxe4 Bf5 43. Re3 Rb8 44. a3 Rf8 45. Nd2 Rg8 46. Nf3
Rg4 47. b4 axb4+ 48. axb4 e5 49. c5 dxc5 50. Rxe5+ Kf6 51. Rxc5 Be4 52. Nd2 Bg2
53. b5 Rf4 54. b6 Rf2 55. Rh5 h3 56. Rxh3 1-0

[Event "X C.to Europeo a squadre seniores"]
[Site "Dresda GER"]
[Date "2008.02.18"]
[Round "8.3"]
[White "Zunker, Reinhard"]
[Black "Laco, Giuseppe"]
[Result "1-0"]
[WhiteElo "2251"]
[BlackElo "2154"]
[Annotator "ITA-GER6"]
[PlyCount "103"]
[EventDate "2008.02.11"]

1. e4 c5 2. Nf3 e6 3. d4 cxd4 4. Nxd4 a6 5. Bd3 Nc6 6. Nxc6 bxc6 7. c4 Bc5 8.
O-O Bd4 9. Nd2 e5 10. Rb1 a5 11. Nf3 d6 12. Nxd4 exd4 13. f4 c5 14. b3 Ne7 15.
Bd2 f5 16. Qh5+ g6 17. Qh6 Kf7 18. e5 Ng8 19. Qh3 h5 20. Qf3 Ra7 21. Rbe1 Bb7
22. Qf2 h4 23. h3 Ne7 24. Re2 Nc6 25. Rfe1 Ba8 26. Kh2 Re7 27. a3 Re6 28. exd6
Rxd6 29. b4 axb4 30. axb4 cxb4 31. c5 Rd7 32. Bc4+ Kg7 33. Bb5 Qc7 34. Bxb4 g5
35. Bxc6 g4 36. Kg1 Bxc6 37. hxg4 fxg4 38. Re5 g3 39. Qe2 Rh6 40. Rg5+ Rg6 41.
Rxg6+ Kxg6 42. Qg4+ Kf7 43. Qf5+ Kg7 44. Re6 Rf7 45. Qg6+ Kh8 46. Qh6+ Kg8 47.
Rg6+ Rg7 48. Rxc6 Qe7 49. Rc8+ Kf7 50. Qh5+ Rg6 51. Qd5+ Qe6 52. Qb7+ 1-0